<?xml version="1.0" encoding="UTF-8"?><?xml-stylesheet type="text/xsl" href="static/style.xsl"?><OAI-PMH xmlns="http://www.openarchives.org/OAI/2.0/" xmlns:xsi="http://www.w3.org/2001/XMLSchema-instance" xsi:schemaLocation="http://www.openarchives.org/OAI/2.0/ http://www.openarchives.org/OAI/2.0/OAI-PMH.xsd"><responseDate>2026-04-13T01:35:22Z</responseDate><request verb="GetRecord" identifier="oai:www.recercat.cat:2117/446455" metadataPrefix="marc">https://recercat.cat/oai/request</request><GetRecord><record><header><identifier>oai:recercat.cat:2117/446455</identifier><datestamp>2025-11-18T23:47:12Z</datestamp><setSpec>com_2072_1033</setSpec><setSpec>col_2072_452951</setSpec></header><metadata><record xmlns="http://www.loc.gov/MARC21/slim" xmlns:dcterms="http://purl.org/dc/terms/" xmlns:xsi="http://www.w3.org/2001/XMLSchema-instance" xmlns:doc="http://www.lyncode.com/xoai" xsi:schemaLocation="http://www.loc.gov/MARC21/slim http://www.loc.gov/standards/marcxml/schema/MARC21slim.xsd">
   <leader>00925njm 22002777a 4500</leader>
   <datafield ind2=" " ind1=" " tag="042">
      <subfield code="a">dc</subfield>
   </datafield>
   <datafield ind2=" " ind1=" " tag="720">
      <subfield code="a">Arbonés Sotomayor, Carlos</subfield>
      <subfield code="e">author</subfield>
   </datafield>
   <datafield ind2=" " ind1=" " tag="260">
      <subfield code="c">2025-06-25</subfield>
   </datafield>
   <datafield ind2=" " ind1=" " tag="520">
      <subfield code="a">La generació d'imatges mèdiques sintètiques mitjançant deep learning s'ha convertit en una eina prometedora per afrontar la manca de dades, les limitacions de privacitat i el cost de les anotacions manuals. Aquest treball avalua la fidelitat i la utilitat clínica de seqüències de ressonància magnètica prostàtica sintètiques generades amb models generatius. El procés de validació inclou mètriques de qualitat generativa, comparació de característiques radiòmiques i avaluació en tasques clíniques com la segmentació prostàtica, la detecció de lesions i la classificació del càncer de pròstata clínicament significatiu (csPCa). Els resultats indiquen que les imatges sintètiques són de gran qualitat visual i estructural, amb un rendiment comparable al de les imatges reals. Tot i així, la seva contribució a la millora dels models és moderada, i es podria potenciar mitjançant una major variabilitat anatòmica. L'estudi dóna suport a l'ús de dades sintètiques com a recurs complementari en aplicacions mèdiques.</subfield>
   </datafield>
   <datafield ind2=" " ind1=" " tag="520">
      <subfield code="a">The generation of synthetic medical images using deep learning has gained traction as a strategy to address data scarcity, privacy constraints, and annotation costs. In this work, we assess the fidelity and clinical utility of synthetic prostate MRI sequences produced via generative models. Our evaluation combines generative quality metrics, radiomic feature comparisons, and performance in downstream tasks including prostate segmentation, lesion detection, and clinically significant prostate cancer (csPCa) classification. Results demonstrate that synthetic images are of high visual and structural quality and perform comparably to real images in segmentation and classification tasks. However, their contribution to improving model performance is moderate, suggesting that increasing anatomical variability and diversity in generation could further enhance their utility. These findings support the use of synthetic data as a complementary resource in medical imaging pipelines.</subfield>
   </datafield>
   <datafield ind2=" " ind1=" " tag="520">
      <subfield code="a">La generación de imágenes médicas sintéticas mediante deep learning se ha consolidado como una estrategia eficaz frente a la escasez de datos, las restricciones de privacidad y el elevado coste de la anotación manual. En este trabajo se evalúa la fidelidad y utilidad clínica de secuencias sintéticas de resonancia magnética de próstata generadas con modelos generativos. La validación incluye métricas de calidad generativa, análisis radiómico y experimentos en tareas clínicas como segmentación prostática, detección de lesiones y clasificación de cáncer clínicamente significativo (csPCa). Los resultados muestran que las imágenes sintéticas presentan una calidad visual y estructural elevada, y ofrecen un rendimiento comparable al de las imágenes reales en tareas clínicas. No obstante, su aportación a la mejora del rendimiento de los modelos es moderada, lo que sugiere que aumentar la variabilidad anatómica podría mejorar su impacto. Estos resultados refuerzan el valor de los datos sintéticos como recurso complementario en entornos médicos.</subfield>
   </datafield>
   <datafield ind1="8" ind2=" " tag="024">
      <subfield code="a">http://hdl.handle.net/2117/446455</subfield>
   </datafield>
   <datafield tag="653" ind2=" " ind1=" ">
      <subfield code="a">Àrees temàtiques de la UPC::Informàtica::Intel·ligència artificial::Aprenentatge automàtic</subfield>
   </datafield>
   <datafield tag="653" ind2=" " ind1=" ">
      <subfield code="a">Deep learning (Machine learning)</subfield>
   </datafield>
   <datafield tag="653" ind2=" " ind1=" ">
      <subfield code="a">Magnetic resonance imaging</subfield>
   </datafield>
   <datafield tag="653" ind2=" " ind1=" ">
      <subfield code="a">RM sintètica</subfield>
   </datafield>
   <datafield tag="653" ind2=" " ind1=" ">
      <subfield code="a">Càncer de pròstata</subfield>
   </datafield>
   <datafield tag="653" ind2=" " ind1=" ">
      <subfield code="a">Radiòmica</subfield>
   </datafield>
   <datafield tag="653" ind2=" " ind1=" ">
      <subfield code="a">Segmentació</subfield>
   </datafield>
   <datafield tag="653" ind2=" " ind1=" ">
      <subfield code="a">Classificació</subfield>
   </datafield>
   <datafield tag="653" ind2=" " ind1=" ">
      <subfield code="a">Augment de dades</subfield>
   </datafield>
   <datafield tag="653" ind2=" " ind1=" ">
      <subfield code="a">Aprenentatge profund</subfield>
   </datafield>
   <datafield tag="653" ind2=" " ind1=" ">
      <subfield code="a">Synthetic MRI</subfield>
   </datafield>
   <datafield tag="653" ind2=" " ind1=" ">
      <subfield code="a">Prostate cancer</subfield>
   </datafield>
   <datafield tag="653" ind2=" " ind1=" ">
      <subfield code="a">Radiomics</subfield>
   </datafield>
   <datafield tag="653" ind2=" " ind1=" ">
      <subfield code="a">Segmentation</subfield>
   </datafield>
   <datafield tag="653" ind2=" " ind1=" ">
      <subfield code="a">Classification</subfield>
   </datafield>
   <datafield tag="653" ind2=" " ind1=" ">
      <subfield code="a">Data augmentation</subfield>
   </datafield>
   <datafield tag="653" ind2=" " ind1=" ">
      <subfield code="a">Deep learning</subfield>
   </datafield>
   <datafield tag="653" ind2=" " ind1=" ">
      <subfield code="a">Aprenentatge profund (Aprenentatge automàtic)</subfield>
   </datafield>
   <datafield tag="653" ind2=" " ind1=" ">
      <subfield code="a">Imatgeria per ressonància magnètica</subfield>
   </datafield>
   <datafield ind2="0" ind1="0" tag="245">
      <subfield code="a">Validation of synthetic MRI prostate sequences using deep learning</subfield>
   </datafield>
</record></metadata></record></GetRecord></OAI-PMH>